| 000 | 00969nam a2200289 a 4500 | ||
|---|---|---|---|
| 001 | 000023373 | ||
| 005 | 20200930022155.0 | ||
| 008 | 101203s1998 sp r 000 0 spa d | ||
| 020 | _a8420483036 | ||
| 040 |
_aDO-SdBNP _bspa _cBNPHU |
||
| 041 | 1 | 7 |
_aspa _hsit _2Código de idioma MARC |
| 082 |
_a299.514 _bZ64L |
||
| 100 | 1 |
_aZi, Lao _948146 |
|
| 240 | 1 | 0 |
_aDao de jing. _lEspañol-Chino |
| 245 | 1 | 0 |
_aEl libro del Tao / _cLao Zi ; traducción, prólogo y notas, Iñaki Preciado Ydoeta. |
| 250 | _a3a ed. | ||
| 260 |
_aMadrid : _bAlfaguara, _c1998. |
||
| 300 |
_aLXXVI, 278 p. ; _c18 cm. |
||
| 490 | 1 |
_aAlfaguara bolsillo _aclásica _v43 |
|
| 500 | _aEdición bilingue : Español-Chino. | ||
| 504 | _aBibliografía: p. [LXIX]- LXXVI | ||
| 586 | _aPremio Nacional de Traducción "Fray Luis de León"1979 | ||
| 650 | 4 |
_aTaoísmo _946348 |
|
| 700 | 1 |
_aPreciado Ydoeta, Iñaki _etr. _948147 |
|
| 830 | 0 |
_aAlfaguara bolsillo ; _pclásica _v43 _948148 |
|
| 049 | _aBNGR | ||
| 999 |
_c22870 _d22870 |
||